000 01032nam a2200277Ia 4500
003 OSt
005 20221005111030.0
006 a|||||r|||| 00| 0
007 ta
008 221004b |||||||| |||| 00| 0 hin d
020 _a9788183612982 (hbk)
_c75
024 _a97337
037 _b577, 23/03/2009, Vani Prakashan
_cTextual
040 _aCRL
_cCRL
_bhin
041 _2hin
_ahin
082 _aO11195:g, 152N0
100 _aजैन, निर्मला
245 0 _aपाश्चात्य साहित्य चिंतन
246 _aPāshchātya sāhitya chiantana
260 _aनई दिल्ली
_bराधाकृष्ण भारत
_c1990
300 _a194पृ0
_ccm.
650 _aहिन्दी साहित्य
700 _a बॉंठिया, कुसुम
942 _hO11195:g, 152N0
_cTEXL
_2cc
999 _c1020603
_d1020603